[Event "16PCR_ZK05"]
[Site "?"]
[Date "2005.??.??"]
[Round "?"]
[White "Cvak, Rudolf"]
[Black "Houdek, Vladimir"]
[Result "1/2-1/2"]
[WhiteElo "2040"]
[BlackElo "2151"]
[PlyCount "66"]
[EventDate "2005.??.??"]
[EventType "corr"]
[EventRounds "2"]
[SourceDate "2005.02.23"]

1. e4 e6 2. d4 d5 3. Nc3 Nf6 4. e5 Nfd7 5. f4 c5 6. Nf3 Nc6 7. Be3 cxd4 8. Nxd4
Bc5 9. Qd2 O-O 10. O-O-O a6 11. h4 Bxd4 12. Bxd4 b5 13. Rh3 b4 14. Na4 Qa5 15.
b3 Nxd4 16. Qxd4 Bb7 17. c3 bxc3 18. Rxc3 Rfc8 19. Kb2 Qd8 20. h5 Rxc3 21. Nxc3
h6 22. Ne4 dxe4 23. Qxd7 Qb6 24. Qd4 Qa5 25. g4 Rc8 26. g5 hxg5 27. fxg5 Bd5
28. g6 Qc7 29. Bc4 Bxc4 30. bxc4 e3 31. Qxe3 fxg6 32. hxg6 Qxc4 33. Ka1 Qg4
1/2-1/2

[Event "16PCR_ZK05"]
[Site "?"]
[Date "2005.??.??"]
[Round "?"]
[White "Cvak, Rudolf"]
[Black "Masek, Frantisek"]
[Result "1-0"]
[WhiteElo "2040"]
[BlackElo "1780"]
[PlyCount "69"]
[EventDate "2005.??.??"]
[EventType "corr"]
[EventRounds "2"]
[SourceDate "2005.02.23"]

1. e4 c5 2. Nf3 d6 3. d4 cxd4 4. Nxd4 Nf6 5. Nc3 Nc6 6. Bg5 e6 7. Qd2 Be7 8.
O-O-O O-O 9. f4 h6 10. Bh4 Bd7 11. Ndb5 Nxe4 12. Bxe7 Nxd2 13. Bxd8 Nxf1 14.
Bc7 Ne3 15. Rd3 Nxg2 16. Bxd6 Rfc8 17. h4 e5 18. fxe5 Nf4 19. Re3 Rd8 20. Rf1
Ng2 21. Re4 Rac8 22. h5 b6 23. Nc7 Bh3 24. Rf3 Bd7 25. N7d5 Be6 26. Rg3 f5 27.
Rc4 Nxe5 28. Rxc8 Bxc8 29. Bxe5 Bb7 30. Rxg7+ Kf8 31. Rxg2 Bxd5 32. Rd2 Ke7 33.
Nxd5+ Kf8 34. Bf4 Kg7 35. Rg2+ 1-0

[Event "16PCR_ZK05"]
[Site "?"]
[Date "2005.??.??"]
[Round "?"]
[White "Cvak, Rudolf"]
[Black "Mikolas, Jan"]
[Result "1-0"]
[WhiteElo "2040"]
[BlackElo "1992"]
[PlyCount "59"]
[EventDate "2005.??.??"]
[EventType "corr"]
[EventRounds "2"]
[SourceDate "2005.02.23"]

1. e4 e6 2. d4 d5 3. Nc3 Nf6 4. e5 Nfd7 5. f4 c5 6. Nf3 Nc6 7. Be3 Qb6 8. a3
cxd4 9. Nxd4 Nxd4 10. Bxd4 Bc5 11. Nb5 O-O 12. b4 Bxd4 13. Qxd4 Qd8 14. Bd3 a5
15. O-O Nb8 16. Nd6 Nc6 17. Qc5 Ne7 18. c4 b6 19. Qd4 f6 20. b5 Rb8 21. Rac1
Bb7 22. f5 Nxf5 23. Bxf5 exf5 24. cxd5 fxe5 25. Qxe5 g6 26. Rfd1 Ba8 27. Rc3
Rf6 28. Nc8 Rb7 29. d6 Rff7 30. Re1 1-0

[Event "16PCR_ZK05"]
[Site "?"]
[Date "2005.??.??"]
[Round "?"]
[White "Cvak, Rudolf"]
[Black "Pressl, Ladislav"]
[Result "1-0"]
[WhiteElo "2040"]
[BlackElo "1918"]
[PlyCount "49"]
[EventDate "2005.??.??"]
[EventType "corr"]
[EventRounds "2"]
[SourceDate "2005.02.23"]

1. e4 e5 2. Nf3 Nc6 3. Bb5 a6 4. Ba4 Nf6 5. d4 exd4 6. O-O Be7 7. e5 Ne4 8.
Nxd4 O-O 9. Nf5 d5 10. Bxc6 bxc6 11. Nxe7+ Qxe7 12. Re1 Bf5 13. f3 Nc5 14. b3
Rfd8 15. Ba3 d4 16. c3 dxc3 17. Qe2 c2 18. Nc3 Rd3 19. Na4 Rad8 20. Bxc5 Qg5
21. Be3 Qe7 22. Qxc2 Qxe5 23. Qf2 Qb5 24. Qg3 Qa5 25. Rac1 1-0

[Event "16PCR_ZK05"]
[Site "?"]
[Date "2005.??.??"]
[Round "?"]
[White "Cvak, Rudolf"]
[Black "Ptacek, Jiri"]
[Result "1-0"]
[WhiteElo "2040"]
[BlackElo "1699"]
[PlyCount "29"]
[EventDate "2005.??.??"]
[EventType "corr"]
[EventRounds "2"]
[SourceDate "2005.02.23"]

1. e4 e5 2. f4 exf4 3. Nf3 d6 4. Bc4 Bg4 5. d4 Bxf3 6. Qxf3 c6 7. Bxf4 Qe7 8.
O-O Nd7 9. Nd2 Nb6 10. Bxd6 Qxd6 11. Qxf7+ Kd8 12. Qxf8+ Qxf8 13. Rxf8+ Kc7 14.
Rf7+ Kd6 15. e5# 1-0

[Event "16PCR_ZK05"]
[Site "?"]
[Date "2005.??.??"]
[Round "?"]
[White "Houdek, Vladimir"]
[Black "Cvak, Rudolf"]
[Result "1-0"]
[WhiteElo "2151"]
[BlackElo "2040"]
[PlyCount "85"]
[EventDate "2005.??.??"]
[EventType "corr"]
[EventRounds "2"]
[SourceDate "2005.02.23"]

1. Nf3 c5 2. c4 Nf6 3. Nc3 Nc6 4. d4 cxd4 5. Nxd4 e6 6. a3 Be7 7. e4 Nxe4 8.
Nxe4 d5 9. Nc3 O-O 10. Be3 Bf6 11. Be2 Bxd4 12. Bxd4 Qh4 13. Bc5 Rd8 14. O-O b6
15. Qa4 Bd7 16. cxd5 Qxa4 17. Nxa4 exd5 18. Be3 d4 19. Bg5 Re8 20. Bf3 h6 21.
Bf4 g5 22. Bg3 Rad8 23. Rad1 g4 24. Bd5 Na5 25. Rxd4 Bxa4 26. Rxg4+ Kf8 27. Bf4
Rxd5 28. Bxh6+ Ke7 29. Rxa4 Kf6 30. Be3 Rc8 31. Bd4+ Kg6 32. Bc3 Rc4 33. Rxc4
Nxc4 34. Re1 Nd6 35. a4 Nb7 36. b4 b5 37. a5 Rd3 38. Rc1 Nd6 39. Kf1 Nc4 40.
Ke2 Rd7 41. Rd1 Rxd1 42. Kxd1 a6 43. Ke2 1-0

[Event "16PCR_ZK05"]
[Site "?"]
[Date "2005.??.??"]
[Round "?"]
[White "Houdek, Vladimir"]
[Black "Ptacek, Jiri"]
[Result "1-0"]
[WhiteElo "2151"]
[BlackElo "1699"]
[PlyCount "63"]
[EventDate "2005.??.??"]
[EventType "corr"]
[EventRounds "2"]
[SourceDate "2005.02.23"]

1. Nf3 Nf6 2. c4 Nc6 3. d4 d5 4. cxd5 Qxd5 5. Nc3 Qd8 6. d5 Nb8 7. Bf4 a6 8. e4
e6 9. dxe6 Qxd1+ 10. Rxd1 Bxe6 11. Bxc7 Nc6 12. a3 Be7 13. Be2 O-O 14. e5 Nd7
15. Nd5 Bxd5 16. Rxd5 Nc5 17. Bd6 Bxd6 18. exd6 Nd7 19. Rd2 Rfe8 20. O-O h6 21.
Rc1 g5 22. Bd3 Rad8 23. Bf5 Kg7 24. b4 Kf6 25. g4 Kg7 26. h3 f6 27. Nd4 Nxd4
28. Rxd4 Kg8 29. Kg2 Re2 30. Rc7 Nb8 31. Rxb7 Re5 32. Rc4 1-0

[Event "16PCR_ZK05"]
[Site "?"]
[Date "2005.??.??"]
[Round "?"]
[White "Houdek, Vladimir"]
[Black "Vins, Karel"]
[Result "1-0"]
[WhiteElo "2151"]
[BlackElo "1621"]
[PlyCount "59"]
[EventDate "2005.??.??"]
[EventType "corr"]
[EventRounds "2"]
[SourceDate "2005.02.23"]

1. Nf3 Nf6 2. c4 c5 3. Nc3 Nc6 4. g3 g6 5. Bg2 Bg7 6. d4 cxd4 7. Nxd4 e5 8.
Ndb5 O-O 9. O-O a6 10. Nd6 Ne8 11. Nce4 Qc7 12. c5 b5 13. cxb6 Qxb6 14. Nc4 Qb5
15. b3 Rb8 16. Ba3 Nb4 17. Nc3 Qc5 18. Nd5 a5 19. Rc1 Qa7 20. Nxa5 Qxa5 21.
Bxb4 Rxb4 22. Nxb4 Nf6 23. Nd5 Nxd5 24. Qxd5 Qxd5 25. Bxd5 Ba6 26. Rfe1 Bh6 27.
e3 Rd8 28. a4 Bf8 29. Red1 Bb4 30. Rc7 1-0

[Event "16PCR_ZK05"]
[Site "?"]
[Date "2005.??.??"]
[Round "?"]
[White "Masek, Frantisek"]
[Black "Cvak, Rudolf"]
[Result "0-1"]
[WhiteElo "1780"]
[BlackElo "2040"]
[PlyCount "56"]
[EventDate "2005.??.??"]
[EventType "corr"]
[EventRounds "2"]
[SourceDate "2005.02.23"]

1. e4 e5 2. Nf3 Nc6 3. Nc3 Nf6 4. Bb5 Nd4 5. Bc4 d6 6. Nxd4 exd4 7. Nd5 c6 8.
Nxf6+ Qxf6 9. d3 Be7 10. O-O O-O 11. Bb3 a5 12. a4 Be6 13. Bxe6 fxe6 14. Bd2 d5
15. Qe2 Bb4 16. c3 Bc5 17. e5 Qe7 18. cxd4 Bxd4 19. Bc3 Qc5 20. Bxd4 Qxd4 21.
b3 Rf5 22. Rae1 Qb4 23. Qb2 Raf8 24. Re3 c5 25. Re2 b6 26. Rb1 Qg4 27. Kh1 Rh5
28. g3 Qf3+ 0-1

[Event "16PCR_ZK05"]
[Site "?"]
[Date "2005.??.??"]
[Round "?"]
[White "Masek, Frantisek"]
[Black "Houdek, Vladimir"]
[Result "0-1"]
[WhiteElo "1780"]
[BlackElo "2151"]
[PlyCount "56"]
[EventDate "2005.??.??"]
[EventType "corr"]
[EventRounds "2"]
[SourceDate "2005.02.23"]

1. d4 d5 2. c4 dxc4 3. Nf3 Nf6 4. e3 e6 5. Bxc4 c5 6. Nc3 a6 7. O-O b5 8. Bb3
Bb7 9. Qe2 Nbd7 10. Rd1 Qb8 11. a4 c4 12. Ba2 b4 13. Nb1 b3 14. Nbd2 bxa2 15.
Rxa2 Be7 16. Nxc4 Bd5 17. Nfd2 Bxc4 18. Nxc4 Qb3 19. Ra1 O-O 20. Bd2 Rac8 21.
Rdc1 Ne4 22. Be1 Bb4 23. Na5 Bxa5 24. Bxa5 Nb6 25. f3 Nd6 26. Rxc8 Rxc8 27.
Qxa6 Qxe3+ 28. Kf1 Rc2 0-1

[Event "16PCR_ZK05"]
[Site "?"]
[Date "2005.??.??"]
[Round "?"]
[White "Mikolas, Jan"]
[Black "Cvak, Rudolf"]
[Result "0-1"]
[WhiteElo "1992"]
[BlackElo "2040"]
[PlyCount "64"]
[EventDate "2005.??.??"]
[EventType "corr"]
[EventRounds "2"]
[SourceDate "2005.02.23"]

1. e4 e5 2. Nf3 Nc6 3. Bc4 Nf6 4. Ng5 d5 5. exd5 Na5 6. Bb5+ c6 7. dxc6 bxc6 8.
Qf3 h6 9. Ne4 Nd5 10. Nbc3 cxb5 11. Nxd5 Be6 12. Ne3 Rc8 13. Qe2 Qd7 14. O-O f5
15. Nc3 b4 16. Ncd1 f4 17. Qh5+ Qf7 18. Qxe5 Nc6 19. Qe4 fxe3 20. fxe3 Qd7 21.
c4 Bd6 22. d4 Ne7 23. c5 Bb8 24. Bd2 Bd5 25. Qh4 Rc6 26. Qh5+ Rg6 27. Rf2 Rf8
28. g3 Qe6 29. Rxf8+ Kxf8 30. Nf2 Bxg3 31. hxg3 Rxg3+ 32. Kh2 Rg2+ 0-1

[Event "16PCR_ZK05"]
[Site "?"]
[Date "2005.??.??"]
[Round "?"]
[White "Mikolas, Jan"]
[Black "Houdek, Vladimir"]
[Result "0-1"]
[WhiteElo "1992"]
[BlackElo "2151"]
[PlyCount "88"]
[EventDate "2005.??.??"]
[EventType "corr"]
[EventRounds "2"]
[SourceDate "2005.02.23"]

1. e4 e6 2. d4 d5 3. Nc3 Nf6 4. e5 Nfd7 5. f4 c5 6. Nf3 Nc6 7. Be3 cxd4 8. Nxd4
Bc5 9. Qd2 O-O 10. O-O-O a6 11. g3 Bxd4 12. Bxd4 b5 13. Bf2 Bb7 14. Bg2 Qc7 15.
Ne2 Rac8 16. Nd4 b4 17. Rhe1 Nxd4 18. Bxd4 Nc5 19. Kb1 a5 20. Re3 Ne4 21. Bxe4
dxe4 22. Re2 Rfd8 23. Qe3 a4 24. Red2 Rd7 25. h4 Bd5 26. h5 Qc6 27. Re1 b3 28.
cxb3 axb3 29. a3 Rdc7 30. Bc3 Qa6 31. Qe2 Qa8 32. Rd4 Rxc3 33. bxc3 Qxa3 34.
Qb2 Qa5 35. Re3 h6 36. g4 Qb6 37. Re1 Ra8 38. Rb4 Qc5 39. Rxb3 Bxb3 40. Qxb3
Qf2 41. Rc1 e3 42. f5 e2 43. fxe6 fxe6 44. Qxe6+ Kh8 0-1

[Event "16PCR_ZK05"]
[Site "?"]
[Date "2005.??.??"]
[Round "?"]
[White "Mikolas, Jan"]
[Black "Ptacek, Jiri"]
[Result "1-0"]
[WhiteElo "1992"]
[BlackElo "1699"]
[PlyCount "69"]
[EventDate "2005.??.??"]
[EventType "corr"]
[EventRounds "2"]
[SourceDate "2005.02.23"]

1. e4 e5 2. Nf3 Nf6 3. Bc4 Nc6 4. Ng5 d5 5. exd5 Nd4 6. c3 b5 7. cxd4 bxc4 8.
dxe5 Nxd5 9. Qa4+ Bd7 10. Qxc4 Qxg5 11. Qxd5 c6 12. Qe4 Qf5 13. Qe3 Be7 14. d4
O-O 15. Nc3 Bb4 16. O-O Bxc3 17. bxc3 a5 18. Ba3 Rfb8 19. c4 Qe6 20. Qc3 Qe8
21. Bd6 Rb7 22. Rfb1 Rxb1+ 23. Rxb1 Qc8 24. Rb6 h6 25. h3 Kh7 26. a4 Qe8 27.
Qd3+ g6 28. Qf3 Qe6 29. Rb7 Be8 30. Re7 Qxc4 31. e6 Qd5 32. exf7 Bxf7 33. Rxf7+
Kg8 34. Rf8+ Rxf8 35. Qxf8+ 1-0

[Event "16PCR_ZK05"]
[Site "?"]
[Date "2005.??.??"]
[Round "?"]
[White "Mikolas, Jan"]
[Black "Vins, Karel"]
[Result "1-0"]
[WhiteElo "1992"]
[BlackElo "1621"]
[PlyCount "51"]
[EventDate "2005.??.??"]
[EventType "corr"]
[EventRounds "2"]
[SourceDate "2005.02.23"]

1. f4 Nf6 2. Nf3 d5 3. e3 e6 4. d4 c5 5. Bd3 c4 6. Be2 b5 7. O-O Nbd7 8. b3 Nb6
9. a4 bxa4 10. bxc4 dxc4 11. Ne5 Qc7 12. Nd2 c3 13. Ndf3 h6 14. Bb5+ Bd7 15.
Nxd7 Nfxd7 16. Ne5 a6 17. Bc6 Rc8 18. Rb1 Qxc6 19. Nxc6 Rxc6 20. Qf3 Rc7 21. f5
exf5 22. Qxf5 f6 23. Qe6+ Kd8 24. Rxb6 Nxb6 25. Qxb6 a3 26. Rf5 1-0

[Event "16PCR_ZK05"]
[Site "?"]
[Date "2005.??.??"]
[Round "?"]
[White "Pressl, Ladislav"]
[Black "Cvak, Rudolf"]
[Result "0-1"]
[WhiteElo "1918"]
[BlackElo "2040"]
[PlyCount "46"]
[EventDate "2005.??.??"]
[EventType "corr"]
[EventRounds "2"]
[SourceDate "2005.02.23"]

1. d4 Nf6 2. c4 g6 3. Nc3 Bg7 4. e4 d6 5. f3 O-O 6. Be3 b6 7. Bd3 Bb7 8. Nge2
c5 9. O-O Nc6 10. dxc5 bxc5 11. b3 Nd7 12. f4 f5 13. exf5 gxf5 14. Bc2 Nb4 15.
Bb1 Qe8 16. a3 Qg6 17. Rf2 Nf6 18. h3 Na6 19. Bc2 Ne4 20. Bxe4 Bxe4 21. Nxe4
Bxa1 22. Nxd6 Bd4 23. Nxf5 Qxf5 0-1

[Event "16PCR_ZK05"]
[Site "?"]
[Date "2005.??.??"]
[Round "?"]
[White "Pressl, Ladislav"]
[Black "Houdek, Vladimir"]
[Result "0-1"]
[WhiteElo "1918"]
[BlackElo "2151"]
[PlyCount "36"]
[EventDate "2005.??.??"]
[EventType "corr"]
[EventRounds "2"]
[SourceDate "2005.02.23"]

1. d4 d5 2. c4 dxc4 3. Nf3 Nf6 4. Nc3 c6 5. e4 b5 6. e5 Nd5 7. a4 e6 8. axb5
Nxc3 9. bxc3 cxb5 10. Bg5 Qd7 11. Be2 a5 12. O-O a4 13. Bc1 a3 14. Qc2 Bb7 15.
Ng5 h6 16. Ne4 Nc6 17. Rd1 b4 18. Bxc4 Na5 0-1

[Event "16PCR_ZK05"]
[Site "?"]
[Date "2005.??.??"]
[Round "?"]
[White "Pressl, Ladislav"]
[Black "Masek, Frantisek"]
[Result "1-0"]
[WhiteElo "1918"]
[BlackElo "1780"]
[PlyCount "63"]
[EventDate "2005.??.??"]
[EventType "corr"]
[EventRounds "2"]
[SourceDate "2005.02.23"]

1. e4 e5 2. Nc3 Nf6 3. Bc4 Nc6 4. a3 Nxe4 5. Bxf7+ Kxf7 6. Nxe4 d5 7. Qf3+ Kg8
8. Ng3 Nd4 9. Qd1 Bc5 10. c3 Nc6 11. d3 Qf6 12. Be3 Bxe3 13. fxe3 Qg5 14. Qf3
Be6 15. Qe2 Qg6 16. e4 dxe4 17. dxe4 Rf8 18. O-O-O a6 19. Nf3 Na5 20. Nd2 b5
21. Rhf1 Rxf1 22. Ndxf1 Qe8 23. Ne3 Nb3+ 24. Kb1 c6 25. Ngf5 Nc5 26. Qg4 g6 27.
Qg5 Nxe4 28. Rd8 Nxg5 29. Rxe8+ Kf7 30. Rxh8 gxf5 31. h4 Ne4 32. Rxh7+ 1-0

[Event "16PCR_ZK05"]
[Site "?"]
[Date "2005.??.??"]
[Round "?"]
[White "Pressl, Ladislav"]
[Black "Mikolas, Jan"]
[Result "0-1"]
[WhiteElo "1918"]
[BlackElo "1992"]
[PlyCount "52"]
[EventDate "2005.??.??"]
[EventType "corr"]
[EventRounds "2"]
[SourceDate "2005.02.23"]

1. d4 Nf6 2. c4 e5 3. dxe5 Ng4 4. Nf3 Bc5 5. e3 Nc6 6. Be2 Ngxe5 7. Nc3 O-O 8.
O-O Re8 9. Ne4 Bf8 10. Ng3 d6 11. b3 g6 12. Nd4 Bg7 13. Bb2 Qh4 14. Qd2 Bd7 15.
b4 Nxd4 16. exd4 Ng4 17. Bxg4 Qxg4 18. Rae1 b5 19. f3 Qh4 20. c5 Be6 21. Re4
Qf6 22. Rfe1 Re7 23. R1e2 Rae8 24. d5 Qxb2 25. Qxb2 Bxb2 26. dxe6 f6 0-1

[Event "16PCR_ZK05"]
[Site "?"]
[Date "2005.??.??"]
[Round "?"]
[White "Pressl, Ladislav"]
[Black "Ptacek, Jiri"]
[Result "1-0"]
[WhiteElo "1918"]
[BlackElo "1699"]
[PlyCount "63"]
[EventDate "2005.??.??"]
[EventType "corr"]
[EventRounds "2"]
[SourceDate "2005.02.23"]

1. e4 e5 2. Nf3 Nf6 3. Nxe5 d6 4. Nf3 Nxe4 5. d4 d5 6. Bd3 Be7 7. O-O Nc6 8. c4
Nf6 9. Nc3 O-O 10. cxd5 Nxd5 11. Re1 Nxc3 12. bxc3 Bf6 13. Qc2 g6 14. Bf4 Bd7
15. d5 Ne7 16. d6 cxd6 17. Bxd6 Re8 18. Rac1 Nc6 19. Rcd1 Rxe1+ 20. Rxe1 Be6
21. Bf4 Bg7 22. Ng5 Bd5 23. Be4 Bxe4 24. Nxe4 Rc8 25. Qb3 Na5 26. Qa4 b6 27.
Rd1 Qe8 28. Qd7 Qxd7 29. Rxd7 Bxc3 30. Nxc3 Rxc3 31. Rd8+ Kg7 32. Be5+ 1-0

[Event "16PCR_ZK05"]
[Site "?"]
[Date "2005.??.??"]
[Round "?"]
[White "Pressl, Ladislav"]
[Black "Vins, Karel"]
[Result "1-0"]
[WhiteElo "1918"]
[BlackElo "1621"]
[PlyCount "79"]
[EventDate "2005.??.??"]
[EventType "corr"]
[EventRounds "2"]
[SourceDate "2005.02.23"]

1. e4 e5 2. Nf3 Nc6 3. Bb5 a6 4. Ba4 Nf6 5. O-O Be7 6. Re1 b5 7. Bb3 d6 8. c3
Na5 9. Bc2 c5 10. d4 Bg4 11. d5 Qc7 12. Nbd2 h6 13. Nf1 Nb7 14. Ne3 Bd7 15. b4
Nh7 16. a4 O-O 17. bxc5 Nxc5 18. axb5 axb5 19. Ba3 Na4 20. Nxe5 f6 21. Nxd7
Qxd7 22. Qd2 Rfe8 23. f4 Nb6 24. Qd4 Nc8 25. Bb2 Rxa1 26. Rxa1 Qb7 27. Nf5 Bd8
28. Nxd6 Nxd6 29. Ba3 Nc4 30. Bc5 Nf8 31. Kh1 Nd7 32. Bb4 Bb6 33. Qd3 Nc5 34.
Bxc5 Bxc5 35. e5 g5 36. Qg6+ Kf8 37. Qxf6+ Qf7 38. Qxh6+ Qg7 39. Qc6 Qe7 40. g3
1-0

[Event "16PCR_ZK05"]
[Site "?"]
[Date "2005.??.??"]
[Round "?"]
[White "Ptacek, Jiri"]
[Black "Cvak, Rudolf"]
[Result "0-1"]
[WhiteElo "1699"]
[BlackElo "2040"]
[PlyCount "42"]
[EventDate "2005.??.??"]
[EventType "corr"]
[EventRounds "2"]
[SourceDate "2005.02.23"]

1. e4 c5 2. Nf3 Nc6 3. d4 cxd4 4. Nxd4 Nf6 5. Nc3 e5 6. Nxc6 bxc6 7. Bg5 Rb8 8.
Rb1 Qa5 9. Bxf6 Rxb2 10. Bxe5 Qxe5 11. Rxb2 Qxc3+ 12. Qd2 Qxb2 13. c3 Qa1+ 14.
Qd1 Qxc3+ 15. Qd2 Qa1+ 16. Ke2 Ba6+ 17. Kf3 Bxf1 18. Rxf1 Qxf1 19. Qd4 Be7 20.
Qxg7 Qd3+ 21. Kf4 Rf8 0-1

[Event "16PCR_ZK05"]
[Site "?"]
[Date "2005.??.??"]
[Round "?"]
[White "Ptacek, Jiri"]
[Black "Houdek, Vladimir"]
[Result "0-1"]
[WhiteElo "1699"]
[BlackElo "2151"]
[PlyCount "76"]
[EventDate "2005.??.??"]
[EventType "corr"]
[EventRounds "2"]
[SourceDate "2005.02.23"]

1. e4 e6 2. d4 d5 3. e5 c5 4. c3 Nc6 5. Nf3 Bd7 6. Bb5 Nxe5 7. Bxd7+ Nxd7 8.
O-O Ngf6 9. Nbd2 cxd4 10. cxd4 Bd6 11. Nb3 O-O 12. Bg5 h6 13. Bxf6 Qxf6 14. Re1
Rac8 15. Rc1 Qf5 16. Rxc8 Rxc8 17. Qb1 Qxb1 18. Rxb1 g5 19. h3 Kg7 20. g3 f5
21. Ne1 b6 22. Kg2 Kf6 23. Kf3 e5 24. Ke3 f4+ 25. gxf4 gxf4+ 26. Kf3 e4+ 27.
Ke2 f3+ 28. Kd1 Bf4 29. Nd2 Kg5 30. Rc1 Rxc1+ 31. Kxc1 Kh4 32. Kc2 Kxh3 33. Nf1
Nf6 34. Nd2 h5 35. Ndxf3 exf3 36. Nxf3 Kg2 37. Nh4+ Kxf2 38. Ng6 Bg3 0-1

[Event "16PCR_ZK05"]
[Site "?"]
[Date "2005.??.??"]
[Round "?"]
[White "Ptacek, Jiri"]
[Black "Mikolas, Jan"]
[Result "0-1"]
[WhiteElo "1699"]
[BlackElo "1992"]
[PlyCount "58"]
[EventDate "2005.??.??"]
[EventType "corr"]
[EventRounds "2"]
[SourceDate "2005.02.23"]

1. e4 e6 2. d4 d5 3. e5 c5 4. c3 Nc6 5. Nf3 Qb6 6. a3 c4 7. g3 f6 8. Nbd2 fxe5
9. Nxe5 Nxe5 10. dxe5 Nh6 11. Nf3 Bc5 12. Nd4 Nf5 13. Qh5+ g6 14. Qe2 Bxd4 15.
cxd4 Nxd4 16. Be3 Qa5+ 17. Bd2 Qa4 18. Qd1 Nc2+ 19. Ke2 Qb3 20. f4 Qd3+ 21. Kf2
Qd4+ 22. Kg2 Nxa1 23. Qxa1 Qxd2+ 24. Kf3 b5 25. Be2 d4 26. Rd1 Qe3+ 27. Kg4
Qxe2+ 28. Kh3 Bb7 29. g4 h5 0-1

[Event "16PCR_ZK05"]
[Site "?"]
[Date "2005.??.??"]
[Round "?"]
[White "Ptacek, Jiri"]
[Black "Pressl, Ladislav"]
[Result "0-1"]
[WhiteElo "1699"]
[BlackElo "1918"]
[PlyCount "60"]
[EventDate "2005.??.??"]
[EventType "corr"]
[EventRounds "2"]
[SourceDate "2005.02.23"]

1. e4 c5 2. Nf3 e6 3. d4 cxd4 4. Nxd4 Nc6 5. Nxc6 bxc6 6. Qf3 d5 7. exd5 exd5
8. Bd3 Be6 9. O-O Nf6 10. Bg5 Be7 11. Bxf6 Bxf6 12. c3 Qb6 13. Qe2 O-O 14. Qc2
g6 15. Nd2 Rab8 16. Rab1 Rfe8 17. h3 c5 18. Nf3 c4 19. g4 cxd3 20. Qxd3 Qa5 21.
a3 Rb7 22. Nd4 Bg7 23. Rfe1 Qc5 24. Nxe6 fxe6 25. Qe3 Qxe3 26. fxe3 Reb8 27. b4
Bxc3 28. Re2 a5 29. Rb3 axb4 30. axb4 Bxb4 0-1

[Event "16PCR_ZK05"]
[Site "?"]
[Date "2005.??.??"]
[Round "?"]
[White "Vins, Karel"]
[Black "Cvak, Rudolf"]
[Result "0-1"]
[WhiteElo "1621"]
[BlackElo "2040"]
[PlyCount "76"]
[EventDate "2005.??.??"]
[EventType "corr"]
[EventRounds "2"]
[SourceDate "2005.02.23"]

1. e4 e5 2. Nf3 Nc6 3. Bb5 a6 4. Ba4 b5 5. Bb3 Bb7 6. d3 Nf6 7. Bg5 Bc5 8. c3
d6 9. Nbd2 h6 10. Be3 Bxe3 11. fxe3 O-O 12. h3 Na5 13. Bc2 c5 14. b4 cxb4 15.
cxb4 Nc6 16. a3 a5 17. Rb1 axb4 18. axb4 d5 19. O-O Qe7 20. Rb3 dxe4 21. dxe4
Nxb4 22. Bb1 Ra4 23. Qe2 Qc5 24. Kh2 Rd8 25. Rd1 Bc6 26. Qe1 Na2 27. Rb2 Nc3
28. Rc1 b4 29. Bc2 Ra7 30. Nb3 Qe7 31. Nbd2 Qc5 32. Nb3 Qb5 33. Nfd2 Rda8 34.
Ra1 Ra3 35. Rc1 Ra2 36. Rxa2 Rxa2 37. Bd1 Qd3 38. Bf3 Bxe4 0-1

[Event "16PCR_ZK05"]
[Site "?"]
[Date "2005.??.??"]
[Round "?"]
[White "Vins, Karel"]
[Black "Houdek, Vladimir"]
[Result "0-1"]
[WhiteElo "1621"]
[BlackElo "2151"]
[PlyCount "58"]
[EventDate "2005.??.??"]
[EventType "corr"]
[EventRounds "2"]
[SourceDate "2005.02.23"]

1. e4 e6 2. d4 d5 3. Nc3 Nf6 4. e5 Nfd7 5. Bb5 c5 6. Nge2 a6 7. Bxd7+ Bxd7 8.
Be3 Nc6 9. f4 cxd4 10. Nxd4 Qh4+ 11. g3 Qh3 12. Qd2 Bb4 13. O-O-O O-O 14. a3
Bxc3 15. Qxc3 Nxd4 16. Bxd4 Rfc8 17. Qe3 Rc7 18. Rd2 Rac8 19. c3 h6 20. b4 Bb5
21. Kb2 Rc4 22. Kb3 a5 23. bxa5 Qf5 24. Rc1 Qg6 25. Rb2 Ra4 26. Ka2 Bc4+ 27.
Rb3 Rxa5 28. Qe1 Rb5 29. Rcb1 Rxb3 0-1

[Event "16PCR_ZK05"]
[Site "?"]
[Date "2005.??.??"]
[Round "?"]
[White "Vins, Karel"]
[Black "Masek, Frantisek"]
[Result "0-1"]
[WhiteElo "1621"]
[BlackElo "1780"]
[PlyCount "44"]
[EventDate "2005.??.??"]
[EventType "corr"]
[EventRounds "2"]
[SourceDate "2005.02.23"]

1. e4 c6 2. d4 d5 3. e5 Bf5 4. Ne2 e6 5. Ng3 Bg6 6. f4 Qc7 7. Bd3 c5 8. Bxg6
hxg6 9. Be3 cxd4 10. Bxd4 Nc6 11. c3 Nxd4 12. cxd4 Bb4+ 13. Kf2 Ne7 14. h3 Rc8
15. Ne2 Qd7 16. a3 Ba5 17. Nbc3 Nf5 18. g4 Ne7 19. Rc1 f6 20. Kg3 g5 21. Qa4
gxf4+ 22. Nxf4 Rxc3+ 0-1

[Event "16PCR_ZK05"]
[Site "?"]
[Date "2005.??.??"]
[Round "?"]
[White "Vins, Karel"]
[Black "Mikolas, Jan"]
[Result "1/2-1/2"]
[WhiteElo "1621"]
[BlackElo "1992"]
[PlyCount "48"]
[EventDate "2005.??.??"]
[EventType "corr"]
[EventRounds "2"]
[SourceDate "2005.02.23"]

1. e4 e6 2. d4 d5 3. Nd2 c5 4. exd5 exd5 5. Ngf3 Nc6 6. c3 cxd4 7. Nxd4 Nxd4 8.
cxd4 Qe7+ 9. Qe2 Nf6 10. Qxe7+ Bxe7 11. Nf3 O-O 12. Be2 Bb4+ 13. Bd2 Bxd2+ 14.
Nxd2 Re8 15. f3 Bf5 16. Kf2 a6 17. Rac1 Rac8 18. Nb3 Re7 19. Rxc8+ Bxc8 20. Rc1
Be6 21. h3 Nh5 22. Nc5 g6 23. Nd3 Bf5 24. Nb4 Be6 1/2-1/2

[Event "16PCR_ZK05"]
[Site "?"]
[Date "2005.??.??"]
[Round "?"]
[White "Vins, Karel"]
[Black "Pressl, Ladislav"]
[Result "0-1"]
[WhiteElo "1621"]
[BlackElo "1918"]
[PlyCount "82"]
[EventDate "2005.??.??"]
[EventType "corr"]
[EventRounds "2"]
[SourceDate "2005.02.23"]

1. e4 c5 2. Nf3 d6 3. d4 cxd4 4. Nxd4 Nf6 5. Nc3 Nc6 6. Bb5 Bd7 7. Nxc6 bxc6 8.
Bd3 e5 9. O-O Qc7 10. Re1 Be7 11. Bd2 Rb8 12. b3 O-O 13. Ne2 Ng4 14. c3 Bh4 15.
g3 Be7 16. Kg2 Qb6 17. Rf1 Be6 18. h3 Nf6 19. Be3 Qc7 20. c4 Rfd8 21. f3 d5 22.
cxd5 cxd5 23. exd5 Nxd5 24. Bf2 Qd7 25. Ng1 Nc3 26. Bxh7+ Kxh7 27. Qc2+ Qd3 28.
Qxd3+ Rxd3 29. Bxa7 Ra8 30. Bf2 Rxa2 31. Rxa2 Nxa2 32. Ne2 Bxb3 33. Re1 Bd5 34.
Ng1 f6 35. g4 Kh6 36. Re3 Nb4 37. Rxd3 Nxd3 38. Kg3 Nxf2 39. Kxf2 Bc5+ 40. Kg2
Bxg1 41. Kxg1 Kg5 0-1

[Event "16PCR_ZK05"]
[Site "?"]
[Date "2005.??.??"]
[Round "?"]
[White "Vins, Karel"]
[Black "Ptacek, Jiri"]
[Result "1/2-1/2"]
[WhiteElo "1621"]
[BlackElo "1699"]
[PlyCount "80"]
[EventDate "2005.??.??"]
[EventType "corr"]
[EventRounds "2"]
[SourceDate "2005.02.23"]

1. e4 e5 2. Nf3 Nf6 3. Nxe5 d6 4. Nf3 Nxe4 5. d4 d5 6. Bd3 Be7 7. h3 Nc6 8. c3
Nf6 9. Be3 a6 10. Nbd2 b5 11. b4 O-O 12. Qc2 h6 13. O-O Be6 14. Bf4 Bd6 15.
Bxd6 Qxd6 16. Rfe1 Rfe8 17. a4 Na7 18. a5 Bd7 19. Re3 Rxe3 20. fxe3 Nc6 21. Nf1
Re8 22. Re1 Ne4 23. Bxe4 Rxe4 24. Qf2 Qg6 25. Qg3 Qxg3 26. Nxg3 Re8 27. e4 Ne7
28. e5 Be6 29. Ne2 Ng6 30. Kh2 c6 31. g4 f6 32. exf6 gxf6 33. Kg3 Kf7 34. Nf4
Nxf4 35. Kxf4 Rg8 36. Nh4 Rg5 37. Nf3 Rg8 38. Nh4 Rg5 39. Nf3 Rg8 40. Rg1 Rg7
1/2-1/2